التنظيم الدولي النظرية و المنظمات العالمية و الاقليمية و المتخصصة / (رقم التسجيلة. 108423)

تفاصيل مارك
000 -LEADER
fixed length control field 00653nam a22001937a 4500
005 - DATE AND TIME OF LATEST TRANSACTION
control field 20251108173626.0
008 - FIXED-LENGTH DATA ELEMENTS--GENERAL INFORMATION
fixed length control field 250721s2006 xx 000 0 ara d
020 ## - INTERNATIONAL STANDARD BOOK NUMBER
International Standard Book Number 9953462038
082 14 - DEWEY DECIMAL CLASSIFICATION NUMBER
Classification number 341.2/مجذ
100 1# - MAIN ENTRY--PERSONAL NAME
Personal name المجذوب، محمد
Relator term مؤلف
245 10 - TITLE STATEMENT
Title التنظيم الدولي النظرية و المنظمات العالمية و الاقليمية و المتخصصة /
250 ## - EDITION STATEMENT
Edition statement ط8
264 1# - PRODUCTION, PUBLICATION, DISTRIBUTION, MANUFACTURE, AND COPYRIGHT NOTICE
Place of production, publication, distribution, manufacture بيروت :
Name of producer, publisher, distributor, manufacturer منشورات الحلبي الحقوقية،
Date of production, publication, distribution, manufacture, or copyright notice 2006.
300 ## - PHYSICAL DESCRIPTION
Extent 680ص
650 17 - SUBJECT ADDED ENTRY--TOPICAL TERM
Topical term or geographic name as entry element القانون الدولي
650 17 - SUBJECT ADDED ENTRY--TOPICAL TERM
Topical term or geographic name as entry element المنظمات الدوليه
942 ## - ADDED ENTRY ELEMENTS (KOHA)
Source of classification or shelving scheme Dewey Decimal Classification
Koha item type كتب
المقتنيات
حالة السحب حالة الفقدان مصدر التصنيف حالة التلف غير قابل للإعارة المكتبة الرئيسية المكتبة الحالية موقع الرف تاريخ التزويد الرقم المتسلسل Total Checkouts رقم الإستدعاء الباركود تاريخ آخر ظهور تاريخ الفاتورة نوع المادة (كوها)
    Dewey Decimal Classification     المكتبة المركزية المكتبة المركزية الإعارة 28/07/2025 1126437   341.2/مجذ 1126437 28/07/2025 28/07/2025 كتب
Implemented & Customized by: BBB with SCIT (Smart Chains for Information Technology)

Powered by Koha